[Event "Asuncion CIT op"]
[Site "Asuncion"]
[Date "2023.08.15"]
[Round "6"]
[White "Cabrera Gonzalez, Benjamin Antonio"]
[Black "Serafim, Paulo Rogerio"]
[Result "1/2-1/2"]
[WhiteElo "1113"]
[BlackElo "1460"]
[PlyCount "89"]
[EventDate "2023.08.12"]
[EventType "swiss"]
[EventRounds "9"]
[EventCountry "PAR"]
[SourceTitle "CBM 215 Extra"]
[Source "ChessBase"]
[SourceDate "2023.09.30"]
[SourceVersion "1"]
[SourceVersionDate "2023.09.30"]
[SourceQuality "1"]

1. d4 Nf6 2. Bf4 d5 3. Nf3 e6 4. e3 Bd6 5. Ne5 0-0 6. Nd2 Bd7 7. Ndf3 c5 8. c3 Qb6 9. h3 Ne4 10. Bd3 cxd4 11. cxd4 Bb4+ 12. Ke2 f6 13. Nxd7 Nxd7 14. Qb3 Rac8 15. a3 Nxf2 16. Qxb4 Qxb4 17. axb4 Nxh1 18. Rxh1 Rc6 19. Bb5 Rc2+ 20. Kd3 Rxb2 21. Bxd7 Kf7 22. Kc3 Rxg2 23. Nd2 a6 24. Ba4 Rc8+ 25. Kd3 Ke7 26. Bd1 Rc1 27. Bf3 Rcg1 28. Rxg1 Rxg1 29. Nb3 Rb1 30. Kc2 Rf1 31. Bg4 g5 32. Bb8 f5 33. Be2 Rh1 34. Nc5 Rxh3 35. Kd2 g4 36. Nxb7 g3 37. Bf3 h5 38. Ke1 h4 39. Kf1 Rh2 40. Bg2 h3 41. Bxh3 Rxh3 42. Kg2 Rh2+ 43. Kxg3 Rb2 44. Bd6+ Kf6 45. Kf4 1/2-1/2

[Event "Asuncion CIT op"]
[Site "Asuncion"]
[Date "2023.08.15"]
[Round "5"]
[White "Serafim, Paulo Rogerio"]
[Black "Ocampos Mereles, Martin Alfredo"]
[Result "1/2-1/2"]
[WhiteElo "1460"]
[BlackElo "1379"]
[PlyCount "46"]
[EventDate "2023.08.12"]
[EventType "swiss"]
[EventRounds "9"]
[EventCountry "PAR"]
[SourceTitle "CBM 215 Extra"]
[Source "ChessBase"]
[SourceDate "2023.09.30"]
[SourceVersion "1"]
[SourceVersionDate "2023.09.30"]
[SourceQuality "1"]

1. c4 e5 2. Nc3 Nf6 3. Nf3 Nc6 4. e3 d5 5. cxd5 Nxd5 6. Bb5 Nxc3 7. bxc3 Bd6 8. 0-0 0-0 9. d4 exd4 10. cxd4 Bg4 11. Bxc6 bxc6 12. h3 Bf5 13. Qa4 Qf6 14. Ba3 Bxa3 15. Qxa3 Bxh3 16. gxh3 Qxf3 17. Kh2 f5 18. Qe7 Rf6 19. Rg1 Rf7 20. Qh4 Re8 21. Qg3 Qh5 22. Rac1 Re6 23. Rb1 Re8 1/2-1/2

[Event "Araraquara op"]
[Site "Araraquara"]
[Date "2023.02.20"]
[Round "3.23"]
[White "Do Nascimento, Jose Wallison"]
[Black "Serafim, Paulo Rogerio"]
[Result "1-0"]
[WhiteElo "1855"]
[BlackElo "1468"]
[PlyCount "97"]
[EventDate "2023.02.19"]
[EventType "swiss"]
[EventRounds "6"]
[EventCountry "BRA"]
[SourceTitle "CBM 213 Extra"]
[Source "ChessBase"]
[SourceDate "2023.05.31"]
[SourceVersion "1"]
[SourceVersionDate "2023.05.31"]
[SourceQuality "1"]

1. e4 e6 2. Nf3 d5 3. exd5 exd5 4. d4 Nf6 5. Bd3 Be7 6. 0-0 0-0 7. h3 Re8 8. c3 h6 9. Ne5 Nbd7 10. f4 Nxe5 11. fxe5 Ne4 12. Qf3 f5 13. exf6 Bxf6 14. Bxh6 Bxd4+ 15. cxd4 gxh6 16. Qf7+ Kh8 17. Qg6 Re6 18. Qf5 Rf6 19. Qe5 Qd6 20. Rxf6 Qxf6 21. Qxf6+ Nxf6 22. Nc3 Bd7 23. Rf1 Kg7 24. g4 b6 25. Bf5 Rd8 26. Nd1 c5 27. Bxd7 Rxd7 28. Ne3 c4 29. Nf5+ Kg6 30. Nxh6 Rh7 31. Nf5 Rxh3 32. Kg2 Rd3 33. Ne7+ Kg7 34. g5 Ne4 35. Rb1 Rg3+ 36. Kh2 Rxg5 37. Nc8 Nd2 38. Rd1 Nf3+ 39. Kh1 Rg4 40. Ne7 Rxd4 41. Nf5+ Kg6 42. Nxd4 Ne5 43. Nb5 Nd3 44. Rd2 a6 45. Nc7 d4 46. Ne6 Nc1 47. Rxd4 Nxa2 48. Rxc4 a5 49. Rc6 1-0

[Event "Sao Paulo Hebraica op 30th"]
[Site "Sao Paulo"]
[Date "2023.02.11"]
[Round "3"]
[White "Marcal, David Hakak"]
[Black "Serafim, Paulo Rogerio"]
[Result "1/2-1/2"]
[WhiteElo "1285"]
[BlackElo "1468"]
[PlyCount "118"]
[EventDate "2023.02.10"]
[EventType "swiss"]
[EventRounds "7"]
[EventCountry "BRA"]
[SourceTitle "CBM 212 Extra"]
[Source "ChessBase"]
[SourceDate "2023.03.31"]
[SourceVersion "1"]
[SourceVersionDate "2023.03.31"]
[SourceQuality "1"]

1. d4 e6 2. c4 Nf6 3. Nc3 Bb4 4. e3 0-0 5. Bd3 d5 6. Nge2 Nbd7 7. 0-0 dxc4 8. Bxc4 b6 9. a3 Be7 10. b4 Bb7 11. Bb2 Rc8 12. f3 c5 13. dxc5 bxc5 14. b5 Ne5 15. Bb3 Nd3 16. Qc2 Nxb2 17. Qxb2 Qb6 18. Bc4 Rfd8 19. Rfd1 Nd5 20. e4 Ne3 21. Rxd8+ Rxd8 22. Ba2 Bf6 23. Qc1 Bd4 24. Kh1 e5 25. Rb1 Qg6 26. Ng3 h5 27. Nd1 Nxg2 28. Kxg2 h4 29. Ne3 hxg3 30. hxg3 Kf8 31. Nf5 Qb6 32. Qg5 Qf6 33. Qxf6 gxf6 34. Rh1 Ke8 35. Rh8+ Kd7 36. Rxd8+ Kxd8 37. Bxf7 Kc7 38. Ne7 Kb6 39. Bc4 Ka5 40. Nc6+ Bxc6 41. bxc6 Kb6 42. Bd5 c4 43. c7 Kxc7 44. Bxc4 Kb6 45. a4 Bc5 46. f4 Bd6 47. Kf3 Kc5 48. Bd5 Kb4 49. Bc6 Kc5 50. Bd7 Kd4 51. a5 a6 52. Bc8 Bc7 53. Bxa6 Bxa5 54. Bb7 Bc7 55. Kg4 Ke3 56. f5 Kf2 57. Kh4 Ba5 58. g4 Bd2 59. Kh5 Kg3 1/2-1/2

[Event "Rio de Janeiro Duchamp op 4th"]
[Site "Rio de Janeiro"]
[Date "2022.12.11"]
[Round "6"]
[White "Gomes, Marco Tulio Caldeir"]
[Black "Serafim, Paulo Rogerio"]
[Result "1-0"]
[WhiteElo "1646"]
[BlackElo "1466"]
[PlyCount "68"]
[EventDate "2022.12.07"]
[EventType "swiss"]
[EventRounds "9"]
[EventCountry "BRA"]
[SourceTitle "CBM 211 Extra"]
[Source "ChessBase"]
[SourceDate "2023.01.31"]
[SourceVersion "1"]
[SourceVersionDate "2023.01.31"]
[SourceQuality "1"]

1. c4 c5 2. Nc3 Nc6 3. g3 Nf6 4. Bg2 e6 5. e4 d5 6. exd5 exd5 7. cxd5 Nb4 8. Qe2+ Be7 9. d3 0-0 10. Nf3 Nbxd5 11. 0-0 Be6 12. Bg5 Re8 13. Rfd1 Qb6 14. Rac1 h6 15. Be3 Rac8 16. Nxd5 Bxd5 17. b3 Qe6 18. Qd2 Bf8 19. Re1 Qd7 20. d4 cxd4 21. Qxd4 Bxf3 22. Bxf3 b6 23. Qxd7 Nxd7 24. Rxc8 Rxc8 25. Bg4 Rc7 26. Bxd7 Rxd7 27. Bf4 Bc5 28. Re8+ Kh7 29. Be3 Rd1+ 30. Kg2 Re1 31. Bxc5 Rxe8 32. Bxb6 axb6 33. Kf3 Kg6 34. Kf4 Kf6 1-0

[Event "Rio de Janeiro Duchamp op 4th"]
[Site "Rio de Janeiro"]
[Date "2022.12.09"]
[Round "3"]
[White "Serafim, Paulo Rogerio"]
[Black "Carneiro, Luis Guilherme Rosa"]
[Result "0-1"]
[WhiteElo "1466"]
[BlackElo "1815"]
[PlyCount "136"]
[EventDate "2022.12.07"]
[EventType "swiss"]
[EventRounds "9"]
[EventCountry "BRA"]
[SourceTitle "CBM 211 Extra"]
[Source "ChessBase"]
[SourceDate "2023.01.31"]
[SourceVersion "1"]
[SourceVersionDate "2023.01.31"]
[SourceQuality "1"]

1. c4 Nf6 2. Nc3 e6 3. Nf3 b6 4. e3 c5 5. Be2 Bb7 6. b3 Be7 7. 0-0 0-0 8. Bb2 Ne4 9. d4 f5 10. Nd2 cxd4 11. exd4 Nxc3 12. Bxc3 Bf6 13. Nf3 Nc6 14. Ne5 Rc8 15. Bf3 d6 16. Nxc6 Bxc6 17. Bxc6 Rxc6 18. Qf3 Rc7 19. Rfe1 Re8 20. Rac1 Qc8 21. d5 Bxc3 22. Rxc3 e5 23. h4 Rf8 24. h5 Rf6 25. Qg3 Rh6 26. Qg5 Rf6 27. Rg3 f4 28. Qxf6 fxg3 29. Qxd6 gxf2+ 30. Kxf2 Qf5+ 31. Kg1 Rf7 32. Qd8+ Rf8 33. Qh4 Re8 34. Re4 Qc8 35. Qg3 Qf5 36. Qh4 Qc8 37. Qg5 Qc5+ 38. Kh2 h6 39. Qg6 Qf8 40. Rg4 Kh8 41. b4 e4 42. Rxe4 Rxe4 43. Qxe4 Qxb4 44. Qe8+ Kh7 45. Qg6+ Kg8 46. Qe8+ Kh7 47. Qc6 Qe7 48. Kh3 Qg5 49. Qg6+ Qxg6 50. hxg6+ Kxg6 51. Kg4 Kf6 52. Kf4 g6 53. g4 h5 54. gxh5 gxh5 55. a4 h4 56. Kg4 Ke5 57. Kxh4 a6 58. Kg5 b5 59. cxb5 axb5 60. a5 Kxd5 61. a6 Kc6 62. a7 Kb7 63. a8Q+ Kxa8 64. Kf4 Kb7 65. Ke3 Kb6 66. Kd3 Ka5 67. Kc3 Ka4 68. Kb2 Kb4 0-1

[Event "BRA-ch Amateur U1600"]
[Site "Sao Paulo"]
[Date "2022.06.18"]
[Round "5"]
[White "Bookobza, Tomer Lederman"]
[Black "Serafim, Paulo Rogerio"]
[Result "1/2-1/2"]
[WhiteElo "1800"]
[BlackElo "1468"]
[PlyCount "65"]
[EventDate "2022.06.16"]
[EventType "swiss"]
[EventRounds "7"]
[EventCountry "BRA"]
[SourceTitle "CBM 208 Extra"]
[Source "ChessBase"]
[SourceDate "2022.07.31"]
[SourceVersion "1"]
[SourceVersionDate "2022.07.31"]
[SourceQuality "1"]

1. Nf3 Nf6 2. c4 e6 3. g3 d5 4. Bg2 Be7 5. 0-0 c5 6. b3 0-0 7. Bb2 Nc6 8. e3 b6 9. cxd5 Nxd5 10. Qe2 Ndb4 11. Ne1 Ba6 12. d3 Rc8 13. Qg4 Bf6 14. d4 Bxf1 15. Kxf1 cxd4 16. exd4 Nxd4 17. Na3 Ndc2 18. Naxc2 Nxc2 19. Rd1 Qe7 20. Rd7 Qb4 21. Qxb4 Nxb4 22. Bxf6 gxf6 23. Rxa7 Rc1 24. Ra4 Nd3 25. Re4 f5 26. Re3 Nxe1 27. Rxe1 Rxe1+ 28. Kxe1 Rd8 29. Ke2 b5 30. a4 bxa4 31. bxa4 Rd4 32. Bc6 Rb4 33. Ke3 1/2-1/2

[Event "BRA-ch 87th"]
[Site "Cuiaba"]
[Date "2021.10.31"]
[Round "5"]
[White "Serafim, Paulo Rogerio"]
[Black "Felicio, Leonardo Demetrio"]
[Result "1/2-1/2"]
[WhiteElo "1441"]
[BlackElo "1896"]
[PlyCount "22"]
[EventDate "2021.10.28"]
[EventType "swiss"]
[EventRounds "11"]
[EventCountry "BRA"]
[SourceTitle "CBM 205 Extra"]
[Source "ChessBase"]
[SourceDate "2022.01.31"]
[SourceVersion "1"]
[SourceVersionDate "2022.01.31"]
[SourceQuality "1"]

1. c4 Nf6 2. Nc3 g6 3. e4 d6 4. d4 Bg7 5. Nf3 0-0 6. Be2 e5 7. d5 Na6 8. Bg5 h6 9. Bh4 g5 10. Bg3 Nc5 11. Nd2 a5 1/2-1/2

[Event "BRA-ch 87th"]
[Site "Cuiaba"]
[Date "2021.10.30"]
[Round "4"]
[White "Costa, Ricardo Santos"]
[Black "Serafim, Paulo Rogerio"]
[Result "0-1"]
[WhiteElo "1834"]
[BlackElo "1441"]
[PlyCount "144"]
[EventDate "2021.10.28"]
[EventType "swiss"]
[EventRounds "11"]
[EventCountry "BRA"]
[SourceTitle "CBM 205 Extra"]
[Source "ChessBase"]
[SourceDate "2022.01.31"]
[SourceVersion "1"]
[SourceVersionDate "2022.01.31"]
[SourceQuality "1"]

1. Nf3 Nf6 2. d4 e6 3. e3 d5 4. c4 Nbd7 5. Nc3 Bb4 6. Bd3 dxc4 7. Bxc4 0-0 8. 0-0 b6 9. a3 Be7 10. b4 Bb7 11. Bb2 c5 12. b5 cxd4 13. Nxd4 Ne5 14. Bb3 Rc8 15. Qe2 Qc7 16. h3 Nc4 17. Rfc1 Nxb2 18. Qxb2 Bc5 19. Nxe6 fxe6 20. Bxe6+ Kh8 21. Bxc8 Qxc8 22. Na4 Ne4 23. Nxc5 Nxc5 24. Rc4 Be4 25. Qe5 Qf5 26. Qxf5 Rxf5 27. Rac1 h5 28. f3 Bd3 29. Rb4 Rg5 30. g4 Be2 31. f4 Rg6 32. f5 Rg5 33. Rc2 Bd3 34. Rf2 h4 35. Rff4 Kg8 36. e4 Be2 37. Rd4 Bxb5 38. Rd8+ Kf7 39. e5 g6 40. Ra8 gxf5 41. Rxf5+ Rxf5 42. gxf5 a6 43. Ra7+ Ke8 44. f6 Bd7 45. Kh2 a5 46. Ra8+ Kf7 47. Rh8 Nd3 48. Rh7+ Ke8 49. Re7+ Kd8 50. e6 Bc8 51. Ra7 Bxe6 52. f7 Bxf7 53. Rxf7 Ne5 54. Rf5 Nc4 55. a4 Kc7 56. Rf4 Nd2 57. Kg2 Kc6 58. Rxh4 Kc5 59. Rg4 Nc4 60. Rxc4+ Kxc4 61. h4 b5 62. axb5 a4 63. b6 a3 64. b7 a2 65. b8Q a1Q 66. Qg8+ Kd3 67. Qg6+ Ke3 68. h5 Qa8+ 69. Kh3 Qh1+ 70. Kg4 Qg2+ 71. Kf5 Qf1+ 72. Kg5 Qf4# 0-1

[Event "Leitao Academia Online op"]
[Site "Chess.com INT"]
[Date "2020.05.13"]
[Round "5"]
[White "Serafim, Paulo Rogerio"]
[Black "Lourenco Cerqueira, Janderson"]
[Result "1/2-1/2"]
[WhiteElo "1357"]
[BlackElo "1391"]
[PlyCount "86"]
[EventDate "2020.04.11"]
[EventType "swiss (rapid)"]
[EventRounds "6"]
[EventCountry "BRA"]
[SourceTitle "EXT 2021"]
[Source "ChessBase"]
[SourceDate "2020.10.23"]
[SourceVersion "1"]
[SourceVersionDate "2020.10.23"]
[SourceQuality "1"]

1. c4 c5 2. Nc3 Nf6 3. e3 g6 4. Nf3 Bg7 5. d4 cxd4 6. Nxd4 0-0 7. Be2 Qc7 8. b3 Nc6 9. Nf3 d6 10. Bb2 Bf5 11. 0-0 e6 12. Nb5 Qd7 13. Qxd6 Qc8 14. Rad1 Ne4 15. Qa3 a6 16. Nd6 Bxb2 17. Qxb2 Nxd6 18. Rxd6 Qc7 19. Rd2 Rfd8 20. Rfd1 Rxd2 21. Rxd2 Rd8 22. a3 Rxd2 23. Qxd2 Qa5 24. Qxa5 Nxa5 25. Nd4 Be4 26. f3 Bb1 27. b4 Nc6 28. Nxc6 bxc6 29. c5 Ba2 30. Bxa6 Kf8 31. Kf2 Ke7 32. e4 Bb3 33. Ke3 Kd7 34. g3 Kc7 35. f4 f6 36. Kd4 h5 37. e5 f5 38. Kc3 Ba4 39. Bc4 Kd7 40. Kd4 Bc2 41. Kc3 Ba4 42. Ba6 Bd1 43. Bc4 Ba4 1/2-1/2

[Event "Sao Paulo Moyses Memorial"]
[Site "Sao Paulo"]
[Date "2019.01.27"]
[Round "4"]
[White "Loureiro, Anderson Felix"]
[Black "Serafim, Paulo Rogerio"]
[Result "1-0"]
[WhiteElo "2115"]
[BlackElo "1364"]
[PlyCount "81"]
[EventDate "2019.01.26"]
[EventType "swiss"]
[EventRounds "5"]
[EventCountry "BRA"]
[SourceTitle "CBM 188 Extra"]
[Source "ChessBase"]
[SourceDate "2019.02.28"]
[SourceVersion "1"]
[SourceVersionDate "2019.02.28"]
[SourceQuality "1"]

1. Nf3 Nf6 2. g3 g6 3. Bg2 Bg7 4. 0-0 c5 5. d3 0-0 6. Nc3 Nc6 7. a3 a6 8. Rb1 b5 9. Ne5 Bb7 10. Nxc6 Bxc6 11. Bxc6 dxc6 12. e4 Rb8 13. Bf4 Rb7 14. Be3 Nd7 15. Ne2 e6 16. f4 f5 17. e5 Qe7 18. Qe1 Nb6 19. Qf2 Nd7 20. Kh1 a5 21. Ng1 Rfb8 22. Nf3 a4 23. Rbd1 b4 24. Nd2 Bf8 25. Nc4 bxa3 26. bxa3 Qd8 27. d4 cxd4 28. Rxd4 Bc5 29. Rdd1 Be7 30. h4 Qc7 31. h5 Kg7 32. Kg2 Rh8 33. Rd6 Bxd6 34. exd6 Qb8 35. Bd4+ Kg8 36. Bxh8 Kxh8 37. hxg6 Nf6 38. Qd4 Kg7 39. gxh7 Kg6 40. Rh1 Qh8 41. Ne5+ 1-0

[Event "Sao Paulo Salles Cup 11th"]
[Site "Sao Paulo"]
[Date "2017.03.25"]
[Round "4"]
[White "Dos Reis, Leandro Aparecido C"]
[Black "Serafim, Paulo Rogerio"]
[Result "1-0"]
[WhiteElo "1999"]
[BlackElo "1506"]
[PlyCount "51"]
[EventDate "2017.03.24"]
[EventType "swiss (blitz)"]
[EventRounds "6"]
[EventCountry "BRA"]
[SourceTitle "CBM 177 Extra"]
[Source "ChessBase"]
[SourceDate "2017.04.27"]
[SourceVersion "1"]
[SourceVersionDate "2017.04.27"]
[SourceQuality "1"]

1. a3 Nf6 2. g3 e5 3. c4 c6 4. Bg2 d5 5. cxd5 cxd5 6. Nf3 Nc6 7. d4 e4 8. Ne5 Be7 9. Nc3 0-0 10. Nxc6 bxc6 11. Na4 Bf5 12. 0-0 Qd7 13. Bg5 Bh3 14. Bxf6 Bxf6 15. Nc5 Qf5 16. Bxh3 Qxh3 17. e3 Be7 18. Rc1 a5 19. Qe2 Qc8 20. Rc2 f5 21. Rfc1 Bxc5 22. Rxc5 Rf6 23. Qc2 Ra6 24. Rxd5 Qe8 25. Re5 Qg6 26. Qc4+ 1-0

[Event "Florianopolis op 3rd"]
[Site "Florianopolis"]
[Date "2017.01.26"]
[Round "10"]
[White "Nunes, Guilherme Sacardo T"]
[Black "Serafim, Paulo Rogerio"]
[Result "1/2-1/2"]
[WhiteElo "1395"]
[BlackElo "1566"]
[PlyCount "42"]
[EventDate "2017.01.20"]
[EventType "swiss"]
[EventRounds "10"]
[EventCountry "BRA"]
[SourceTitle "EXT 2018"]
[Source "ChessBase"]
[SourceDate "2017.10.13"]
[SourceVersion "1"]
[SourceVersionDate "2017.10.13"]
[SourceQuality "1"]

1. e4 c5 2. Nc3 Nc6 3. Nf3 d6 4. g3 Nf6 5. Bg2 g6 6. 0-0 Bg7 7. d3 0-0 8. Re1 Be6 9. Ng5 Bg4 10. f3 Bd7 11. Be3 Rb8 12. Nh3 b5 13. Nf2 a5 14. Qd2 Nd4 15. Ne2 Nxe2+ 16. Rxe2 Re8 17. Bh6 Bh8 18. h4 Nh5 19. g4 Ng7 20. h5 e5 21. hxg6 hxg6 1/2-1/2